000
00290nam a22001097a 4500
999
_c
169207
_d
169207
082
_a
_b
100
_a
Huggan Graham
245
_a
Australian literature:
_b
postcolonialism racism transnationalism/
_c
by Huggan Graham.
260
_a
New Delhi:
_b
Oxford,
_c
2009.
650
_a
942
_c
BK